01501nab a2200397 a 450000100060000000300080000600500170001400600190003100700150005000800410006502200140010603500210012004000260014105000210016708000140018808200160020210000370021822200240025524502410027926000560052030000130057631000140058936200200060353301640062354600510078765000100083865000160084865000120086465000090087665000400088565500320092570000400095771000190099774000250101685600620104130984FlNmELB20241216220623.0m o d | cr cn|||||||||200912r2007 ck |||||s|||||||||||spa d a1692-3375 a(OCoLC)955399206 aFlNmELBbspacFlNmELB 4aTC171bR696 2007 a621.646.204a627.0422221 aRodríguez Miranda, Juan Pablo. 0aUmbral científico10aPlanteamiento de una ecuación diferencial para la determinación del diámetro de la válvula de ventosa en un sistema de abastecimiento de aguah[recurso electronico] /cJuan Pablo Rodríguez Miranda, Jorge Iván Barrera Torres. a[Bogotá] :bUniversidad Manuela Beltrán,c2007. a31-40 p. aSemestral0 aNum. 10 (2007)- aRecurso electrónico. Santa Fe, Arg.: e-libro, 2015. Disponible vía World Wide Web. El acceso puede estar limitado para las bibliotecas afiliadas a e-libro. aArtículo en español ; resumen en inglés. 4aAire. 4aVálvulas. 4aValves. 4aAir. 4aHydrodynamicsxMathematical models. 4aArtículos electrónicos.1 aBarrera Torres, Jorge Iván,eaut.2 ae-libro, Corp.02aUmbral científico.40uhttps://elibro.net/ereader/politecnicointernacional/24957